Judaísmo e islam

Shranjeno v:
Bibliografske podrobnosti
Main Authors: Díaz-Mas, Paloma (Author), De la Puente, Cristina (Author)
Format: Knjiga
Jezik:španščina
Izdano: Madrid Ares y Mares 2007
Izdaja:1a. ed
Teme:
Oznake: Označite
Brez oznak, prvi označite!

MARC

LEADER 00000cam a2200000 a 4500
001 UCE3800
003 CL-VaPUC
008 140925e20070000sp |||||||||||||||||spa|d
020 |a 9788484327660 
082 0 4 |a 291  |b DIA  |2 21 
100 0 |a Díaz-Mas, Paloma  |e author  |9 576317 
700 0 |a De la Puente, Cristina  |e author  |9 576318 
245 1 0 |a Judaísmo e islam 
250 |a 1a. ed 
300 |a 493 p 
942 |c BK 
945 |d 20140925 17:45:00  |a arojas 
260 |a Madrid  |b Ares y Mares  |c 2007 
650 7 |a RELIGION COMPARADA  |2 CL-VaPUC  |9 576319 
650 0 |a Judaísmo  |9 269348 
650 7 |a ISLAM  |2 CL-VaPUC  |9 349147 
583 |a last modification  |c 20140925 17:45:00  |k Rodrigo Vera 
999 |c 356950  |d 356948 
952 |0 0  |1 0  |3 erd  |4 0  |6 291_000000000000000_DIA_2007  |7 0  |8 A  |9 464742  |a BIBHIS  |b BIBHIS  |i 5115175  |l 1  |o 291 DIA 2007  |p 5115175  |r 2025-01-20  |s 2023-05-11  |w 2019-11-23  |y BK  |z Catalogado en:20140925  |k HIS